Advances in Molten Salt Chemistry 6 /

Na minha lista:
Detalhes bibliográficos
Main Authors: Mamantov, C.B (Author), Braunstein, Jerry (Author)
Formato: Livro
Publicado em: Amsterdam : Elsevier, 1987
Tags: Adicionar Tag
Sem tags, seja o primeiro a adicionar uma tag!

MARC

LEADER 00000nam a22000003a 4500
001 stu20128
005 20150617225753.5
008 ------s1987----ne----------------------d
040 |a STU  |b slo 
041 0
044 |a ne 
080 |a 54-143 
100 1 |a Mamantov, C.B  |4 aut 
245 1 |a Advances in Molten Salt Chemistry 6 /  |c [aut.]Mamantov,C.B., Braunstein,Jerry 
260 |a Amsterdam :  |b Elsevier,  |c 1987 
300 |a 350 s :  |b Obr.,tab.,grafy,lit.,index 
700 1 |a Braunstein, Jerry  |4 aut 
996 |b C79404  |c C*79404  |l CCVI  |s P  |a 0  |w stu20128_0001